00529nam a2200145 a 450000500170000000800410001702000180005805000280007610000190010424500840012326000640020730000120027152000760028365000240035920140412111300.0010327s19uu xx 00 eng d a0-590-37231-9 aTR(GS 372.144bB53 1997 aBlevins, Wiley aPhonemic awareness activities :bfor early reading success /cby Wiley Blevins. aJefferson City, MO :bScholastic Professional Books,c1997. a64 p. ; aEasy, playful activities that prepare children for phonics instruction. aTeaching strategies